American Presidents: True or False #2 - Statistics

General Stats
  • This quiz has been taken 39 times
  • The average score is 8 of 15
Answer Stats
Question Answer % Correct
Bill Clinton once met Osama bin-laden and they actually got along quite well. False
88%
Calvin Coolidge's real first name was Robert. False
75%
The R. in Gerald R. Ford's name doesn't stand for anything. False
75%
Richard Nixon was actually a huge fanatic of the Fantastic Four. After his death in 1994, his family sold all 1,610 of his comics. False
75%
Thomas Jefferson is known for popularizing macaroni. But what is less known is that he also popularized chicken pot pie. False
75%
Dwight David Eisenhower was the first Mormon president False
63%
Stephen 'Grover' Cleveland famously declared in 1896, "You shall not crucify mankind upon a cross of gold!" False
63%
John Quincy Adams actively supported Napoleon and even gave him an ancient Greek harp during his exile on St Helena. False
50%
The last president not to be portrayed on SNL was Lyndon B. Johnson. True
50%
Theodore Roosevelt played bagpipes for a Scottish orchestra from 1884-1887 False
38%
Franklin Pierce personally knew Ludwig van Beethoven. His father brought him and his sister on a trip to Vienna and they encountered each other in 1821. False
38%
Jimmy Carter served on the USS Missouri during WW2. False
38%
During the 1960 Presidential Election, several women fainted at the sight of John F. Kennedy. False
13%
Ulysses S. Grant almost had his leg amputated after an accident with one of his prized stallions. False
13%
Andrew Jackson got very mad if he was irritated. But if he was furious, Jackson would simply stare at the antagonizer. False
13%
No matching quizzes found
Score Distribution
Percent of People with Each Score
Percentile by Number Answered
Your Score History
You have not taken this quiz